Acogimiento familiar /

Obra que aborda al acogimiento familiar en España como solución de algunos problemas a favor de la protección de la infancia. Ofrece en sei capítulos una sistematización de los conocimientos y de la práctica profesional en torno a esta modalidad de convivencia familiar.

Gardado en:
Detalles Bibliográficos
Autor Principal: Amorós, Pere (autor)
Outros autores: Palacios, Jesús (autor) (autor)
Formato: Libro
Idioma:Lingua castelá
Publicado: Madrid, España : Alianza, 2004, c2004
Series:(Alianza Ensayo ; 259)
Temas:
Etiquetas: Engadir etiqueta
Sen Etiquetas, Sexa o primeiro en etiquetar este rexistro!

MARC

LEADER 00000nam^a2200000^a^4500
001 000177725
005 20250521000000.0
009 20260310101725.154
020 |a 84-206-4593-1 
037 |a Acervo ITESO - Biblioteca 
041 |a ESP 
082 |a 362. 7330946  |b AMO 
100 |a Amorós, Pere  |e (autor) 
245 1 0 |a Acogimiento familiar /  |c P. Amorós, J. Palacios. 
264 4 |a Madrid, España :  |b Alianza,  |c 2004, c2004 
300 |a 278 p. 
336 |a texto  |b txt  |2 rdacontenido 
337 |a sin mediación  |b n  |2 rdamedio 
338 |a volumen  |b nc  |2 rdasoporte 
440 1 |a (Alianza Ensayo ;  |v 259) 
520 |a Obra que aborda al acogimiento familiar en España como solución de algunos problemas a favor de la protección de la infancia. Ofrece en sei capítulos una sistematización de los conocimientos y de la práctica profesional en torno a esta modalidad de convivencia familiar. 
649 |a XX 
650 |a Niños -  |x Condiciones Jurídicas 
650 |a Niños -  |x Condiciones Psicológicas 
650 |a Niños -  |x Condiciones Sociales y Culturales 
650 |a Niños -  |x Cuidado e Higiene 
650 |a Desarrollo Emocional 
650 |a Desarrollo Cognoscitivo 
650 |a Maltrato Infantil 
650 |a Relaciones Familiares -  |x Aspectos Jurídicos 
650 |a Relaciones Familiares -  |x Aspectos Psicológicos 
650 |a Cambios Sociales y Culturales 
650 |a Familia Sustituta -  |z España 
650 |a Asistencia Social -  |z España 
650 |a Asistencia Pública -  |z España 
650 |a Política Social -  |z España 
650 |a Psicología Evolutiva 
650 |a Psicología Social 
700 |a Palacios, Jesús  |e (autor) 
910 |a Fondo General 
920 |a Impresos - Libros 
930 |a Colección General 
905 |a 101 
901 |a 0500116494  |b IT1  |c ACC  |u 20250521 
902 |a https://opac.biblio.iteso.mx/vufind/Record/000177725